000 00553cam a2200169 4500
005 20260415142112.0
008 150522n 000 0 eng u
040 _aLC
_cUNZA
_dUNZA
_eRDA
050 _aZAMB BV 3625
_bELL 1914
100 _aEllis, James J.
245 _aDan Crawford of Luanza or 37 years missionary work in darkest Africa /
_cJames J.Ellis
260 _aKilmarnock:
_bJohn Ritchie,
_c1914.
300 _a160 pages:
_billustrations.
650 _aMissions
_zAfrica
650 _aAfrica
_xChurch History
_y20th Century
942 _cZAMBIANA
999 _c124315
_d124315